| 000 | 01149nam a22002897a 4500 | ||
|---|---|---|---|
| 001 | 03111 | ||
| 003 | HDC | ||
| 007 | cr bn --- | ||
| 008 | 210103b20172017xxk||||| |||| 00| 0 eng d | ||
| 022 | _a1759-0833 | ||
| 040 | _aHDC | ||
| 100 |
_aMuhammad Khalilur Rahman _eauthor _91727 |
||
| 245 | 4 |
_aThe effectiveness and outcomes of the Muslim-friendly medical tourism supply chain _c/ Muhammad Khalilur Rahman and Suhaiza Zailani |
|
| 260 |
_aUnited Kingdom: _bEmerald Publishing, _c2017 |
||
| 300 | _a1 online resource (22 pages) | ||
| 336 |
_atest _2rdacontent |
||
| 337 |
_acomputer _2rdamedia |
||
| 338 |
_aonline resource _2rdacarrier |
||
| 500 |
_aExtract from: Journal of Islamic Marketing, 2017, volume 8, issue 4 (pages 732-752) _aIncludes bibliographical references |
||
| 650 |
_aHalal industry _zMalaysia _9204 |
||
| 650 |
_aMedical tourism _zMalaysia _91392 |
||
| 700 |
_aSuhaiza Zailani _eauthor _9755 |
||
| 856 | _zRequest full-text at [email protected] | ||
| 942 | _2lcc | ||
| 942 | _cAR | ||
| 942 | _kJART 002544 | ||
| 999 |
_c497 _d497 |
||